书目信息 |
| 题名: |
著名交响曲欣赏
|
|
| 作者: | 黎孟德 著 | |
| 分册: | ||
| 出版信息: | 成都 四川文艺出版社 2013.08 |
|
| 页数: | 232页 | |
| 开本: | 24cm | |
| 丛书名: | 青少年艺术欣赏讲堂 | |
| 单 册: | ||
| 中图分类: | J627.7 | |
| 科图分类: | ||
| 主题词: | 交响曲--音乐欣赏--世界 , 交响曲 , 音乐欣赏 | |
| 电子资源: | ||
| ISBN: | 978-7-5411-3717-4 | |
| 000 | 00899oam2 2200289 450 | |
| 001 | 0120131136892 | |
| 005 | 20140610112202.68 | |
| 010 | @a978-7-5411-3717-4@dCNY28.00 | |
| 100 | @a20130927d2013 demy0chiy0110 ea | |
| 101 | 0 | @achi |
| 102 | @aCN@b510000 | |
| 105 | @aag z 000yy | |
| 106 | @ar | |
| 200 | 1 | @a著名交响曲欣赏@9zhu ming jiao xiang qu xin shang@f黎孟德著 |
| 210 | @a成都@c四川文艺出版社@d2013.08 | |
| 215 | @a232页@c图@d24cm | |
| 225 | 2 | @a青少年艺术欣赏讲堂 |
| 330 | @a本书主要内容包括:水上音乐;第二十五交响曲;第四十一“朱庇特”交响曲;第三(英雄)交响曲;第五(命运)交响曲;(田园)交响曲等。 | |
| 333 | @a青少年 | |
| 461 | 0 | @12001 @a青少年艺术欣赏讲堂 |
| 606 | 0 | @a交响曲@x音乐欣赏@y世界 |
| 606 | 0 | @a交响曲 |
| 606 | 0 | @a音乐欣赏 |
| 690 | @aJ627.7@v5 | |
| 701 | 0 | @a黎孟德@9li meng de@4著 |
| 801 | 0 | @aCN@b人天书店@c20130927 |
| 905 | @b846595-98@dJ627.7@e237@f4 | |
| 著名交响曲欣赏/黎孟德著.-成都:四川文艺出版社,2013.08 |
| 232页:图;24cm.-(青少年艺术欣赏讲堂) |
| 使用对象:青少年 |
| ISBN 978-7-5411-3717-4:CNY28.00 |
| 本书主要内容包括:水上音乐;第二十五交响曲;第四十一“朱庇特”交响曲;第三(英雄)交响曲;第五(命运)交响曲;(田园)交响曲等。 |
| ● |
| 相关链接 |
|
|
|
|
正题名:著名交响曲欣赏
索取号:J627.7/237
 
预约/预借
| 序号 | 登录号 | 条形码 | 馆藏地/架位号 | 状态 | 备注 |
| 1 | 846595 | 208465953 | 第一样本阅览室/ [索取号:J627.7/237] | 在馆 | |
| 2 | 846596 | 208465962 | 第一借阅区/ [索取号:J627.7/237] | 在馆 | |
| 3 | 846597 | 208465971 | 第一借阅区/ [索取号:J627.7/237] | 在馆 | |
| 4 | 846598 | 208465980 | 密集书库-音乐系/ [索取号:J627.7/237] | 在馆 |